The development of javanese cotton industry

Сохранить в:
Библиографические подробности
Главный автор: Hiroshi, Matsuo
Формат:
Язык:Undetermined
Опубликовано: Tokyo The Institute Of Developing Economics 1970
Предметы:
Метки: Добавить метку
Нет меток, Требуется 1-ая метка записи!
Thư viện lưu trữ: Trung tâm Học liệu Trường Đại học Cần Thơ
LEADER 00519nam a2200181Ia 4500
001 CTU_91301
008 210402s9999 xx 000 0 und d
082 |a 338.173 
082 |b H668 
100 |a Hiroshi, Matsuo 
245 4 |a The development of javanese cotton industry 
245 0 |c Matsuo Hiroshi 
260 |a Tokyo 
260 |b The Institute Of Developing Economics 
260 |c 1970 
650 |a Cotton,Economic development 
904 |i Tuyến 
980 |a Trung tâm Học liệu Trường Đại học Cần Thơ